000 00319nam a2200133Ia 4500
008 240624s9999 xx 000 0 und d
041 _aeng
082 _a194 ROY
100 _aROYLE NICHOLAS
245 _aJACQUES DERRIDA
260 _c2015
_aNew Delhi
_bRoutledge
300 _axxii, 185 p.; 19 cm.
365 _cRS
_b31
999 _c29545
_d29545